书目信息 |
| 题名: |
财政百年
|
|
| 作者: | 王文素 主编 | |
| 分册: | ||
| 出版信息: | 北京 中国财政经济出版社 2010 |
|
| 页数: | 432页 | |
| 开本: | 24cm | |
| 丛书名: | 财经百年系列丛书 | |
| 单 册: | ||
| 中图分类: | F811.9 | |
| 科图分类: | ||
| 主题词: | 财政史--世界 , 财政史 | |
| 电子资源: | ||
| ISBN: | 978-7-5095-2147-2 | |
| 000 | 00821oam2 2200277 450 | |
| 001 | 523 | |
| 005 | 20140909101448.60 | |
| 010 | @a978-7-5095-2147-2@dCNY38.00 | |
| 100 | @a20101129d2010 em y0chiy50 ea | |
| 101 | 0 | @achi |
| 102 | @aCN@b110000 | |
| 105 | @ay z 000yy | |
| 106 | @ar | |
| 200 | 1 | @a财政百年@ACai Zheng Bai Nian@f王文素主编@FWang Wen Su Zhu Bian |
| 210 | @a北京@c中国财政经济出版社@d2010 | |
| 215 | @a432页@d24cm | |
| 225 | 2 | @a财经百年系列丛书 |
| 300 | @a财经大讲堂 | |
| 330 | @a本书上篇为中国财政百年,下篇为世界财政百年,记述了中国和世界财政百年发展与变化的历史。 | |
| 461 | 0 | @12001 @a财经百年系列丛书 |
| 606 | 0 | @a财政史@y世界 |
| 606 | 0 | @a财政史 |
| 690 | @aF811.9@v5 | |
| 701 | 0 | @a王文素@AWang Wen Su@4主编 |
| 801 | 0 | @aCN@bTANGWEI@c20140603 |
| 905 | @b0840368-70@dF811.9@e60@f3 | |
| 财政百年/王文素主编.-北京:中国财政经济出版社,2010 |
| 432页;24cm.-(财经百年系列丛书) |
| 财经大讲堂 |
| ISBN 978-7-5095-2147-2:CNY38.00 |
| 本书上篇为中国财政百年,下篇为世界财政百年,记述了中国和世界财政百年发展与变化的历史。 |
| ● |
| 相关链接 |
|
|
|
|
正题名:财政百年
索取号:F811.9/60
 
预约/预借
| 序号 | 登录号 | 条形码 | 馆藏地/架位号 | 状态 | 备注 |
| 1 | 0840368 | 208403681 | 第一样本阅览室/ [索取号:F811.9/60] | 在馆 | |
| 2 | 0840369 | 208403690 | 第一借阅区/ [索取号:F811.9/60] | 在馆 | |
| 3 | 0840370 | 208403707 | 密集书库-海洋学院/ [索取号:F811.9/60] | 在馆 |